| 000 | 00888cad a22001935a 4500 | ||
|---|---|---|---|
| 001 | E152932 | ||
| 008 | 120619s2011 xxk d f 000 0 eng d | ||
| 035 | _a(Sirsi) u152932 | ||
| 041 | 0 | _aeng | |
| 050 | 0 | 4 | _a333.3309411 $2 18 |
| 110 | 2 |
_aSavills Research _95211 |
|
| 245 | 0 | 0 |
_aSpotlight on Scotland's prime residential property market _bSpring 2011 _h[electronic resource] |
| 260 |
_aLondon _bSavills Research _c2011 |
||
| 520 | _aSuggests that the value of transactions of prime residential property in Scotland rose by 40% last year, compared with 11% in the mainstream market. | ||
| 651 | 4 |
_aScotland _y1999- |
|
| 690 | _aPROPERTY-RESIDENTIAL PROPERTY-RESIDENTIAL PROPERTY MARKET | ||
| 856 | 4 | 0 |
_uhttps://pdf.euro.savills.co.uk/uk/spotlight-on/spotlight-on-scotland-s-prime-residential-property-market.pdf _zView the report after free registration at www.savills.co.uk |
| 942 | _n0 | ||
| 999 |
_c112274 _d112274 |
||